Príprava derivátov terpyridínu a ich koordinačných zlúčenín

Saved in:
Bibliographic Details
Main Author: Kočiová, Silvia (Author)
Other Authors: Šípoš, Rastislav (Thesis advisor)
Format: Manuscript Book
Language:Slovak
Published: 2015
Subjects:
Online Access:http://is.stuba.sk/zp/portal_zp.pl?podrobnosti=101684
Tags: Add Tag
No Tags, Be the first to tag this record!

MARC

LEADER 00000ntm a22000003a 4500
001 stuzp52324
003 SK-STU
005 20160719154132.9
007 ta
008 150427s2015----xo-----f-mn---000-0-slo-d
040 |a STU  |b slo 
041 0 |a slo 
100 1 |a Kočiová, Silvia  |u 042190  |4 aut  |U FCHPT Ústav anorganickej chémie, technológie a materiálov  |T FCHPT Oddelenie anorganickej chémie  |X 61111  |U C2190  |Y 112  |7 61111 
242 0 1 |a Synthesis of terpyridine derivatives and their metal complexes  |y eng 
245 1 0 |a Príprava derivátov terpyridínu a ich koordinačných zlúčenín 
260 |c 2015 
650 4 |a terpyridín  |2 slo 
650 4 |a 4´-(furán-2-yl)-2,2´:6´,2´´-terpyridín  |2 slo 
650 4 |a komplexy  |2 slo 
650 4 |a terpyridine  |2 eng 
650 4 |a 4´-(furan-2-yl)-2,2´:6´,2´´-terpyridine  |2 eng 
650 4 |a metal complexes  |2 eng 
700 1 |a Šípoš, Rastislav  |4 ths  |X 10104  |7 A000010104 
856 4 |u http://is.stuba.sk/zp/portal_zp.pl?podrobnosti=101684 
SQL |a stuzp52324  |b DBP  |c SLO  |d Príprava derivátov terpyridínu a ich koordinačných zlúčenín  |e 61111  |f Kočiová, Silvia  |g 042190  |h 10104  |i Šípoš, Rastislav  |j 20150713  |k 753  |l 04  |m http://is.stuba.sk/zp/portal_zp.pl?podrobnosti=101684  |n B-CHEMAT  |o 4.1.14. chémia, 5.2.18. chemické technológie